<?xml version="1.0" encoding="UTF-8"?>
<resp>
  <nextPage>https://data.bn.org.pl/api/networks/bibs.marcxml?marc=001+b00001150002429&amp;sinceId=1150002430</nextPage>
  <collection>
    <record xmlns='http://www.loc.gov/MARC21/slim'><leader>01100namZa2200301ZiZ4500</leader><controlfield tag='001'>b00001150002429</controlfield><controlfield tag='005'>20251217085228.0</controlfield><controlfield tag='008'>230609s        pl           |000 0 pol c</controlfield><controlfield tag='009'>9913261705905606</controlfield><datafield ind1=' ' ind2=' ' tag='035'><subfield code='a'>KR_1KR_1_20120317233623071674-48omnis_kr</subfield></datafield><datafield ind1=' ' ind2=' ' tag='035'><subfield code='a'>KR_1_20120317233623071674</subfield><subfield code='9'>ExL</subfield></datafield><datafield ind1=' ' ind2=' ' tag='035'><subfield code='a'>(PL)b00001150002429</subfield></datafield><datafield ind1=' ' ind2=' ' tag='040'><subfield code='a'>KR_1</subfield><subfield code='c'>KR_1</subfield></datafield><datafield ind1='1' ind2=' ' tag='041'><subfield code='a'>pol</subfield><subfield code='h'>eng</subfield></datafield><datafield ind1='0' ind2='0' tag='245'><subfield code='a'>Poeci języka angielskiego /</subfield><subfield code='c'>wybór i oprac. Henryk Krzeczkowski, Jerzy S. Sito, Juliusz Żuławski.</subfield></datafield><datafield ind1=' ' ind2=' ' tag='260'><subfield code='a'>W-wa :</subfield><subfield code='b'>Państ. Instytut Wydawniczy,</subfield><subfield code='c'>1969.</subfield></datafield><datafield ind1=' ' ind2=' ' tag='300'><subfield code='a'>956 s. ;</subfield><subfield code='c'>18 cm</subfield></datafield><datafield ind1='1' ind2=' ' tag='490'><subfield code='a'>Biblioteka Poezji i Prozy.</subfield></datafield><datafield ind1=' ' ind2=' ' tag='500'><subfield code='a'>p</subfield></datafield><datafield ind1='1' ind2=' ' tag='700'><subfield code='a'>Krzeczkowski, Henryk.</subfield><subfield code='e'>Aut wyboru * Opracowanie</subfield></datafield><datafield ind1='1' ind2=' ' tag='700'><subfield code='a'>Sito, Jerzy Stanisław</subfield><subfield code='d'>(1934-2011)</subfield><subfield code='e'>Aut wyboru * Opracowanie</subfield></datafield><datafield ind1='1' ind2=' ' tag='700'><subfield code='a'>Żuławski, Juliusz.</subfield><subfield code='d'>(1910- )</subfield><subfield code='e'>Aut wyboru * Opracowanie</subfield></datafield><datafield ind1=' ' ind2=' ' tag='852'><subfield code='b'>48OMNIS_NETWORK</subfield><subfield code='8'>9913261705905606</subfield></datafield><datafield ind1=' ' ind2=' ' tag='852'><subfield code='b'>48OMNIS_KR</subfield><subfield code='8'>991000024289708216</subfield></datafield></record>
  </collection>
</resp>
